00597nam a22001817a 450000500170000001000150001702000260003202000230005803500140008103700130009508200140010810000190012224500980014126000450023927000560028430000250034050000500036520170328163930.0 aENG-117613 a9780199461141c695.00 a0199461147c695.00 aEN-101145 bDABD/PUB a327.54051 aAmitav Acharya aEast of India,South of China :cby Amitav AcharyabSino-Indian encounters in Southeast AsiA / aNew DelhibOxford University Pressc2017 aYMCA Library Buiding 1 Jai SinghbNew Delhie110001 axxiv,236p.c23cm(Hb) aIncludes bibliographical references and index